Východiská rozdielnych menových režimov krajín západného Balkánu a ich vplyv na zahraničný obchod jednotlivých krajín bakalárska práca

Guardado en:
Detalles Bibliográficos
Autor principal: Vojnarovská, Katarína
Autor Corporativo: Obchodná fakulta EU. Katedra medzinárodného obchodu
Otros Autores: Dráb, Ján
Formato: Libro
Lenguaje:eslovaco
Publicado: Bratislava 2016
Etiquetas: Agregar Etiqueta
Sin Etiquetas, Sea el primero en etiquetar este registro!

MARC

LEADER 00000nbm a2200000 4500
001 0218641
005 20170123112832.9
041 0 |a slo 
044 |a SK 
245 1 0 |a Východiská rozdielnych menových režimov krajín západného Balkánu a ich vplyv na zahraničný obchod jednotlivých krajín  |b bakalárska práca  |c Katarína Vojnarovská ; školiteľ: Ján Dráb 
264 1 |a Bratislava  |c 2016 
300 |a 59 s. 
100 1 |a Vojnarovská, Katarína 
700 1 |a Dráb, Ján 
710 2 |a Obchodná fakulta EU. Katedra medzinárodného obchodu